000
00271nam a2200109Ia 4500
008
200302s9999 xx 000 0 und d
100
_a
Shiv Kumar Sharma
245
_a
Painted Scrolls of Asia
260
_b
Intellectual Publishing House
260
_c
1994
300
_a
116 P.,
999
_c
2466
_d
2466